| 000 | 00961cam a2200289 i 4500 | ||
|---|---|---|---|
| 001 | 200454248 | ||
| 003 | TR-AnTOB | ||
| 005 | 20250408090009.0 | ||
| 007 | ta | ||
| 008 | 140521s2010 tu 000 0 tur d | ||
| 020 | _a9786055720056 | ||
| 040 |
_aTVK _beng _erda _cTVK _dTR-AnTOB |
||
| 041 | _atur | ||
| 060 | 1 | 4 |
_aWG 610 _bU47 2010 |
| 096 |
_aWG 610 _bU47 2010 |
||
| 245 | 0 | 0 |
_aUlusal Venöz Tromboembolizm Profilaksi ve Tedavi Kılavuzu 2010 / _ceditörler Prof. Dr. Muzaffer Demir [and three others] ; hazırlayanlar Prof. Dr. Faik Altıntaş...[and thirteen others]. |
| 264 | 1 |
_aİstanbul : _bGüven Platformu, _c2010. |
|
| 300 |
_a123 pages : _btables ; _c20 cm |
||
| 336 |
_atext _btxt _2rdacontent |
||
| 337 |
_aunmediated _bn _2rdamedia |
||
| 338 |
_avolume _bnc _2rdacarrier |
||
| 650 | 2 |
_aThrombosis _9102670 |
|
| 700 | 1 |
_aDemir, Muzaffer _eeditor _947247 |
|
| 700 | 1 |
_aAltıntaş, Faik, _eeditor |
|
| 942 |
_2NLM _cBK |
||
| 999 |
_c200454248 _d72460 |
||